00885nam a22002537a 45000010005000000030006000050050017000110080041000280200018000690400029000870500017001160820010001331000016001432450040001592600047001993000049002464900029002955050008003245200157003325210029004895210020005186500045005386500048005839838FISKH20260304102914.0260304b cb ||||| |||| 00| 0 eng d a9781606949115 aFISKHbengcFISKHdFISKH aQL467.2 .G77 a595.7 aGreve , Tom aCreeping crawlers / cBy Tom Greve  aFlorida : bRourke Publishing LLC ,c2009. a24 pages : bcolor illustrations ;c18 cm .  aMy First Science Library aG  aJuvenile Nonfiction. Nature. Science. HTML:Learn about bugs that creep and crawl, bugs found around your home and school, and bugs that crawl then fly. 8 a400 bLexile estimate 8 aG bRaz-Plus  aInsects--LocomotionvJuvenile Literature aCrawling and creeping vJuvenile Literature